|
|
|
|
| LEADER |
00000nmm0a2200000 4500 |
| 001 |
44475 |
| 005 |
20231031022328.0 |
| 010 |
|
|
|a 531800007X
|
| 035 |
|
|
|a (RuTPU)RU\TPU\book\46191
|
| 090 |
|
|
|a 44475
|
| 100 |
|
|
|a 20021119d2001 m y0rusy50 ca
|
| 101 |
1 |
|
|a rus
|
| 102 |
|
|
|a RU
|
| 105 |
|
|
|a a z 001zy
|
| 200 |
1 |
|
|a PHP 4: разработка Web-приложений
|e пер. с англ.
|f Т. Ратшиллер, Т. Геркен
|
| 210 |
|
|
|a СПб.
|c Питер
|d 2001
|
| 215 |
|
|
|a 384 с.
|c ил.
|e Прил.: CD-ROM
|
| 225 |
1 |
|
|a Библиотека программиста
|
| 320 |
|
|
|a Алф. указ.: с. 376-379.
|
| 610 |
1 |
|
|a информатика
|
| 610 |
1 |
|
|a языки программирования
|
| 610 |
1 |
|
|a PHP 4
|
| 610 |
1 |
|
|a Web-приложения
|
| 610 |
1 |
|
|a электронная коммерция
|
| 610 |
1 |
|
|a MySQL
|
| 610 |
1 |
|
|a XML
|
| 610 |
1 |
|
|a WDDX
|
| 610 |
1 |
|
|a CD-ROM
|
| 675 |
|
|
|a 681.3.06:800.92
|v 3
|
| 675 |
|
|
|a 681.324
|v 3
|
| 700 |
|
1 |
|a Ратшиллер
|b Т.
|g Тобиас
|
| 701 |
|
1 |
|a Геркен
|b Т.
|g Тил
|
| 801 |
|
1 |
|a RU
|b 63413507
|c 20021119
|g PSBO
|
| 801 |
|
2 |
|a RU
|b 63413507
|c 20210206
|g PSBO
|
| 942 |
|
|
|c MX
|